Las Vegas Show Locations - Statistics

General Stats
  • This quiz has been taken 3 times
  • The average score is 12 of 19
Answer Stats
Hint Answer % Correct
O (Cirque du Soleil) Bellagio
100%
Australia's Thunder from Down Under Excalibur
100%
Tournament of Kings Excalibur
100%
Blue Man Group Luxor
100%
Carrot Top Luxor
100%
Absinthe Caesar's Palace
67%
Mac King Comedy Magic Excalibur
67%
The Australian Bee Gees Show Excalibur
67%
Michael Jackson: One (Cirque du Soleil) Mandalay Bay
67%
David Copperfield MGM Grand
67%
Mad Apple (Cirque du Soleil) New York-New York
67%
iLuminate The STRAT
67%
Mystère (Cirque du Soleil) Treasure Island
67%
Piff the Magic Dragon Flamingo
33%
Kà (Cirque du Soleil) MGM Grand
33%
Criss Angel MINDFREAK Magic Show Planet Hollywood
33%
Penn & Teller Rio
33%
Hyprov Harrah's
0%
Magic Mike Live Las Vegas SAHARA
0%
No matching quizzes found
Score Distribution
Percent of People with Each Score
Percentile by Number Answered
Your Score History
You have not taken this quiz